000 00503nam a22001937a 4500
003 OSt
005 20210210074651.0
008 210210s2010 ||||| |||| 00| 0 eng d
020 _a1427789525
040 _aeng
_beng
_cDLC
041 _aeng
080 _a33
_bK-20
245 _aPractice Exams for the FRM Exam / Part 1
_c/ by: Kaplan Schweser
260 _aUSA
_bKaplan Schweser
_c2010
300 _a95 p.
_bill.
650 0 _9446
_aEconomics
653 _aეკონომიკა
942 _2udc
_cBK
999 _c1302
_d1302